000 01187nam a22002417a 4500
999 _c17589
_d17589
005 20251125232858.0
008 s2528 th tha d
040 _aNALT
041 _atha
245 1 0 _aพระราชบัญญัติวิชาชีพการพยาบาล และการผดุงครรภ์ พ.ศ. 2528
260 3 _aกรุงเทพฯ :
_bสูตรไพศาล,
_c2528
300 _a37 หน้า ;
_b 26 ซม.
650 0 4 _aการพยาบาล -- กฎหมายและระเบียบข้อบังคับ
650 0 4 _aบุคลากรทางการแพทย์ -- พยาบาล
650 0 4 _aพยาบาล -- จรรยาบรรณ
650 0 4 _aพยาบาลผดุงครรภ์ -- ไทย
650 0 4 _aวิชาชีพการพยาบาลและการผดุงครรภ์ (พ.ร.บ.) -- 2528
850 _aNALT
856 4 0 _uhttps://hdl.handle.net/20.500.14156/461531
_71
942 _cLB
_2lcc
998 _j25
_k นีลวัสน์ อินทรักษา
090 _aKP37 ส886พ 2528